Statistiques concernant Circonscriptions législatives de la région Hauts-de-France sur une carte

Cliquez ici pour prendre le quiz!

Statistiques générales

  • Ce quiz a été pris 157 fois
    (67 depuis la dernière actualisation)
  • Le résultat moyen est 38 sur 50

Réponses sur la Carte

Les réponses sont colorées sur une échelle allant du rouge au vert en fonction du pourcentage des utilisateurs qui les ont devinées à leur premier essai. Vous pouvez retrouver ces pourcentages ci-dessous.
 

Statistiques - réponses

NuméroCantons inclus dans la circonscription% Correct
1Abbeville Nord, Abbeville Sud, Ailly-le-Haut-Clocher, Amiens II Nord-Ouest, Amiens IV Est, Amiens VIII Nord, Domart-en-Ponthieu, Picquigny
100%
2Amiens I Ouest, Amiens III Nord-Est, Amiens V Sud-Est, Amiens VI Sud, Amiens VII Sud-Ouest, Boves
100%
11Armentières, Lille Sud-Ouest, Lomme
100%
1Lille Centre, Lille Sud, Lille Sud-Est, Loos
100%
4Lille Nord, Lille Ouest, Quesnoy-sur-Deûle
100%
9Marcq-en-Barœul, Tourcoing Sud, Lille Nord-Est
100%
7Audruicq, Calais Centre, Calais Est, Calais Nord-Ouest, Calais Sud-Est
98%
14Bergues, Bourbourg, Dunkerque Est, Gravelines, Hondschoote, Wormhout
98%
13Coudekerque-Branche, Dunkerque Ouest, Grande-Synthe
98%
3Avion, Harnes, Lens Est, Lens Nord-Est, Lens Nord-Ouest, Noyelles-sous-Lens
96%
10Tourcoing Nord, Tourcoing Nord-Est
96%
8Roubaix Centre, Roubaix Est, Roubaix Nord
94%
7Roubaix Ouest, Lannoy
94%
2Auneuil, Beauvais Sud-Ouest, Chaumont-en-Vexin, Le Coudray-Saint-Germer, Formerie, Grandvilliers, Noailles, Songeons
93%
1Beauvais Nord-Est, Beauvais Nord-Ouest, Breteuil, Crèvecoeur-le-Grand, Froissy, Maignelay-Montigny, Marseille-en-Beauvaisis, Nivillers, Saint-Just-en-Chaussée
93%
1Laon Nord, Laon Sud, Anizy-le-Château, Craonne, Crécy-sur-Serre, La Fère, Neufchâtel-sur-Aisne, Rozoy-sur-Serre, Sissonne
93%
2Arras Nord, Arras Ouest, Arras Sud, Dainville, Vimy
91%
19Bouchain, Denain, Valenciennes Sud
89%
5Compiègne Sud-Est, Compiègne Sud-Ouest, Crépy-en-Valois, Estrées-Saint-Denis, Attichy
89%
2Saint-Quentin Centre, Saint-Quentin Nord, Saint-Quentin Sud, Saint-Simon, Le Catelet, Moy-de-l'Aisne, Vermand
89%
21Valenciennes Est, Valenciennes Nord, Condé-sur-l'Escaut, Valenciennes, Saint-Saulve
89%
17Arleux, Douai Sud-Ouest, Douai Nord, Douai Nord-Est, Douai Sud
87%
5Boulogne-sur-Mer Nord-Est, Boulogne-sur-Mer-Nord Ouest, Boulogne-sur-Mer Sud, Outreau, Le Portel, Samer
87%
6Compiègne Nord, Guiscard, Lassigny, Noyon, Ressons-sur-Matz, Ribécourt-Dreslincourt
87%
9Béthune Est, Béthune Nord, Béthune Sud, Laventie, Lillers
81%
18Cambrai Est, Cambrai Ouest, Le Cateau-Cambrésis, Clary, Marcoing
81%
2Lille Est, Villeneuve-d'Ascq Nord, Villeneuve-d'Ascq Sud, Lezennes, Mons-en-Barœul, Ronchin
81%
5Villers-Cotterêts, Braine, Charly, Château-Thierry, Condé-en-Brie, Fère-en-Tardenois, Neuilly-Saint-Front, Oulchy-le-Château, Vailly-sur-Aisne,
80%
4Berck, Campagne-lès-Hesdin, Etaples, Fruges, Hesdin, Hucqueliers, Le Parcq, Montreuil
78%
7Creil-Nogent-sur-Oise, Liancourt Mouy, Clermont
78%
4Soissons Nord, Soissons Sud, Chauny, Coucy-le-Château-Auffrique, Tergnier, Vic-sur-Aisne.
78%
5Acheux-en-Amiénois, Albert, Bray-sur-Somme, Chaulnes, Combles, Ham, Nesle, Péronne, Roisel, Rosières-en-Santerre, Roye
76%
3Avesnes-sur-Helpe Nord, Bavay, Maubeuge Nord, Maubeuge Sud, Solre-le-Château, Trélon
76%
3Creil Sud, Méru, Montataire, Neuilly-en-Thelle
76%
8Aire-sur-la-Lys, Arques, Auchel, Norrent-Fontes, Saint-Omer Nord, Saint-Omer Sud
74%
4Chantilly, Nanteuil-le-Haudouin, Pont-Sainte-Maxence, Senlis, Betz
74%
11Carvin, Courrières, Hénin-Beaumont, Leforest, Montigny-en-Gohelle, Rouvroy
70%
1Aubigny-en-Artois, Auxi-le-Château, Avesnes-le-Comte, Bapaume, Beaumetz-lès-Loges, Bertincourt, Croisilles, Marquion, Pas-en-Artois, Saint-Pol-sur-Ternoise, Vitry-en-Artois
56%
4Montdidier, Ailly-sur-Noye, Bernaville, Conty, Corbie, Doullens, Hornoy-le-Bourg, Moreuil, Poix-de-Picardie, Villers-Bocage
56%
3Aubenton, Bohain-en-Vermandois, La Capelle, Guise, Hirson, Marle, Le Nouvion-en-Thiérache, Ribemont, Sains-Richaumont, Vervins, Wassigny
54%
15Bailleul Nord-Est, Bailleul Sud-Ouest, Cassel, Hazebrouck Nord, Hazebrouck Sud, Merville, Steenvoorde
54%
3Saint-Valéry-sur-Somme, Ault, Crécy-en-Ponthieu, Friville-Escarbotin, Gamaches, Hallencourt, Molliens-Dreuil, Moyenneville, Nouvion, Oisemont, Rue,
52%
12Avesnes-sur-Helpe Sud, Berlaimont, Carnières, Hautmont, Landrecies, Le Quesnoy Est, Le Quesnoy Ouest, Solesmes
48%
12Bully-les-Mines, Cambrin, Douvrin, Liévin Nord, Liévin Sud, Wingles
44%
6Cysoing, Orchies, Pont-à-Marcq, Anstaing, Baisieux, Chéreng, Forest-sur-Marque, Gruson, Sailly-lez-Lannoy, Tressin, Willems
37%
10Barlin, Bruay-la-Buissière, Divion, Houdain, Nœux-les-Mines, Sains-en-Gohelle
33%
5Seclin Nord, Seclin Sud, La Bassée, Haubourdin
31%
6Ardres, Desvres, Fauquembergues, Guînes, Heuchin, Lumbres, Marquise
30%
16Marchiennes, Anhiers, Aniche, Auberchicourt, Dechy, Ecaillon, Flines-lez-Râches, Guesnain, Lallaing, Lewarde, Loffre, Masny, Montigny-en-Ostrevent, Sin-le-Noble, Waziers
15%
20Saint-Amand-les-Eaux-Rive droite, Saint-Amand-les-Eaux-Rive gauche, Anzin, Escautpont, Fresnes-sur-Escaut, Hergnies, Odomez, Vicq, Vieux-Condé
13%

Distribution des résultats

Percentile par nombre de réponses

% des personnes avec chaque résultat

Votre développement - résultats

Vous n’avez pas pris ce quiz depuis la dernière actualisation